000 00402nam a22001577a 4500
003 OSt
005 20260326093652.0
008 260326b |||||||| |||| 00| 0 eng d
020 _a9788126547340
040 _cIIMT UNIVERSITY MEERUT
100 _aRowe P
245 _aEssential Statistics For The Pharmaceutical Sciences
_hENGLISH
260 _aNEW DELHI
_bWILEY
300 _a287
942 _2ddc
_c01
999 _c67671
_d67671